00868nam a2200241Ia 4500001000600000003000900006008004100015040001300056040001300069041001300082100002300095100002900118245006800147245003200215250001100247260001100258260001800269260004900287300005900336500018500395650001500580650003100595H4257IT-RoPAU130308s9999 xx 000 0 und d aIT-RoPAU cIT-RoPAU aITALIANO aMarrone Gianfranco gCodice Aut. SPICS: 35715 aMondo guarda il mondo (Il). Sulla spazialità nel telegiornale bSguardo sociosemiotico (Lo) a5a ed. aMILANO bAngeli Franco c2003 [1° Ed.:1989 - Ed.Ling.Originale:1989] a"16 p. (prefazione: no ; testo: 16 [pagine: 214-229])" a"Estetica del telegiornale e Semiotica Dello Spazio. Un Ricatto Inglobante.Un'Opposizione di Base. specie di Spazi: Assimilazione; Estensione; Continuità. Incursione Letteraria." aSEMIOLOGIA eCodice materia Spics: 3251